[Event "Challenge"]
[Site "http://www.queenalice.com/game.php?id=209778"]
[Date "2007.5.12"]
[Round "-"]
[White "luizpessoa"]
[Black "edsonigor"]
[Result "0-1"]
[WhiteElo "1738"]
[BlackElo "1793"]

1. e4 e5 2. c4 Nf6 3. d3 Bc5 4. h3 c6 5. a3 O-O 6. Bg5 d6 7. Nc3 Be6 8. Rb1 Nbd7
9. Nf3 Qb6 10. Be2 Bxf2+ 11. Kd2 Nc5 12. b4 Ncd7 13. Bxf6 Nxf6 14. Na4 Be3+ 15.
Kc2 Qc7 16. Nc3 a5 17. a4 axb4 18. Na2 c5 19. Kb2 Bd7 20. g4 Bxa4 21. Qf1 Bc6
22. Ra1 Ra3 23. Nxb4 cxb4 24. Rxa3 bxa3+ 25. Ka2 Qa5 26. Qe1 Qxe1 27. Rxe1 Bc5
28. Rb1 Nd7 29. Nd2 Nb6 30. Nb3 Be3 31. Na5 Ra8 32. Nb3 Na4 33. Re1 Nc3+ 34. Ka1
Ba4 35. Bd1 Nxd1 36. Rxd1 Bxb3 37. Re1 Bd4+ 0-1

[Event "Challenge"]
[Site "http://www.queenalice.com/game.php?id=210880"]
[Date "2007.5.14"]
[Round "-"]
[White "Croftsy"]
[Black "edsonigor"]
[Result "0-1"]
[WhiteElo "1506"]
[BlackElo "1788"]

1. e4 e5 2. d4 exd4 3. Qxd4 Nc6 4. Qd1 Nf6 5. Nc3 Bb4 6. Qd3 O-O 7. a3 Bc5 8.
Be3 Bxe3 9. Qxe3 Re8 10. Bd3 d5 11. Nf3 d4 12. Nxd4 Qxd4 13. Qxd4 Nxd4 14. O-O-O
c5 15. f4 a6 16. e5 Ng4 17. Rdf1 b5 18. Ne4 c4 19. Nd6 Rd8 20. Be4 Rb8 21. f5 f6
22. Bd5+ Kf8 23. Re1 Nxe5 24. Rhf1 Rxd6 0-1

[Event "AUTO-OPEN-590"]
[Site "http://www.queenalice.com/game.php?id=244990"]
[Date "2007.7.24"]
[Round "2"]
[White "igorzz"]
[Black "edsonigor"]
[Result "1/2-1/2"]
[WhiteElo "1796"]
[BlackElo "1814"]

1. e4 e5 2. Nf3 Nf6 3. Nxe5 d6 4. Nf3 Nxe4 5. d4 d5 6. Bd3 Bf5 7. Bf4 Be7 8. O-O
O-O 9. c3 Re8 10. Ne5 Bd6 11. f3 Bxe5 12. Bxe5 Nd6 13. Bxd6 Bxd3 14. Bxc7 Qxc7
15. Qxd3 Nc6 16. Na3 a6 17. Qf5 Qd6 18. Nc2 Re2 19. Rae1 Rae8 20. Rxe2 Rxe2 21.
b4 h6 22. Qc8+ Nd8 23. Rf2 Re8 24. h3 Qc6 25. Qxc6 Nxc6 26. a4 Rc8 27. Ne3 Ne7
28. Re2 Rxc3 29. Nd1 Rc1 30. Rxe7 Rxd1+ 31. Kh2 Rxd4 32. Rxb7 Rc4 33. Ra7 Rxb4
34. Rxa6 d4 35. a5 Ra4 36. Rd6 1/2-1/2

[Event "AUTO-OPEN-590"]
[Site "http://www.queenalice.com/game.php?id=244991"]
[Date "2007.7.24"]
[Round "2"]
[White "edsonigor"]
[Black "igorzz"]
[Result "1-0"]
[WhiteElo "1815"]
[BlackElo "1810"]

1. e4 e5 2. Nf3 Nc6 3. Bb5 d6 4. Bxc6+ bxc6 5. h3 Ba6 6. d3 d5 7. Nbd2 Nf6 8.
O-O dxe4 9. Nxe5 c5 10. Re1 Bd6 11. Nec4 O-O 12. Nxe4 Nxe4 13. Rxe4 Bxc4 14.
Rxc4 Qf6 15. Re4 Be5 16. c3 Rad8 17. Be3 Bd6 18. d4 Be7 19. Qa4 cxd4 20. Bxd4
Qd6 21. Rae1 Bf6 22. Bxf6 gxf6 23. Rg4+ Kh8 24. Rd4 Qb6 25. Qb4 Rxd4 26. Qxd4
Qxd4 27. cxd4 Rd8 28. Rd1 c5 29. d5 c4 30. f3 Kg7 31. Kf2 f5 32. Ke3 Rb8 33. Rd2
Kf6 34. Kd4 Rc8 35. Rc2 a6 36. Rxc4 Rxc4+ 37. Kxc4 Ke7 38. Kc5 Kd7 39. a4 f4 40.
a5 f6 41. b4 h6 42. b5 axb5 43. Kxb5 Kd6 44. Kc4 h5 45. a6 Kc7 46. Kc5 1-0

[Event "AUTO-OPEN-590"]
[Site "http://www.queenalice.com/game.php?id=244998"]
[Date "2007.7.24"]
[Round "2"]
[White "Francisco_Ferraz"]
[Black "edsonigor"]
[Result "0-1"]
[WhiteElo "1728"]
[BlackElo "1807"]

1. b3 e5 2. Bb2 Nc6 3. e3 d5 4. Bb5 Bd7 5. f4 exf4 6. exf4 Nf6 7. h3 Ne4 8. Qf3
Qh4+ 9. Kf1 Bc5 10. d4 Ng3+ 11. Ke1 Nxh1+ 12. Ke2 Nxd4+ 0-1

[Event "AUTO-OPEN-590"]
[Site "http://www.queenalice.com/game.php?id=244999"]
[Date "2007.7.24"]
[Round "2"]
[White "edsonigor"]
[Black "Francisco_Ferraz"]
[Result "1-0"]
[WhiteElo "1820"]
[BlackElo "1643"]

1. d4 Nf6 2. c4 g6 3. Nc3 Bg7 4. e4 b6 5. Nf3 Bb7 6. Qc2 d6 7. Be2 h6 8. Bf4
Nbd7 9. O-O e5 10. dxe5 dxe5 11. Nxe5 Nxe5 12. Bxe5 O-O 13. Rad1 Qe7 14. f4 Ng4
15. Bxg4 h5 16. Bxg7 Kxg7 17. Bf3 Qc5+ 18. Kh1 Qxc4 19. a3 Rfe8 20. e5 Bxf3 21.
Rxf3 a5 22. Qd3 Qb3 23. f5 Rad8 24. Qe2 Rxd1+ 25. Nxd1 Qd5 26. Re3 1-0

[Event "AUTO-OPEN-590"]
[Site "http://www.queenalice.com/game.php?id=245002"]
[Date "2007.7.24"]
[Round "2"]
[White "R_Mutt"]
[Black "edsonigor"]
[Result "1-0"]
[WhiteElo "2272"]
[BlackElo "1818"]

1. Nc3 d5 2. d4 Nf6 3. e4 dxe4 4. f3 exf3 5. Nxf3 Bg4 6. h3 Bh5 7. g4 Bg6 8. Ne5
e6 9. Bg5 Be7 10. h4 Nd5 11. Qf3 O-O 12. Bxe7 Qxe7 13. Rh2 h6 14. O-O-O c6 15.
Ne4 Nd7 16. Bd3 Nxe5 17. dxe5 a5 18. h5 Bh7 19. g5 Bxe4 20. Qxe4 Qxg5+ 21. Rhd2
f6 22. Qh7+ Kf7 23. Bg6+ 1-0

[Event "AUTO-OPEN-590"]
[Site "http://www.queenalice.com/game.php?id=245003"]
[Date "2007.7.24"]
[Round "2"]
[White "edsonigor"]
[Black "R_Mutt"]
[Result "0-1"]
[WhiteElo "1816"]
[BlackElo "2273"]

1. d4 Nf6 2. c4 e6 3. Nc3 Bb4 4. Qc2 c5 5. e3 cxd4 6. exd4 Nc6 7. Nf3 d5 8. a3
Ba5 9. b4 Bc7 10. Bg5 h6 11. Bxf6 gxf6 12. O-O-O Ne7 13. Bd3 dxc4 14. Bxc4 Nf5
15. d5 e5 16. Bb5+ Kf8 17. Ne4 Kg7 18. Ng3 Nd6 19. Be2 b5 20. Nh4 a5 21. Ne4
axb4 22. axb4 Ra4 23. Nxd6 Bxd6 24. Nf3 Rxb4 25. Rd3 Bf5 0-1

[Event "Challenge"]
[Site "http://www.queenalice.com/game.php?id=260077"]
[Date "2007.8.23"]
[Round "-"]
[White "edsonigor"]
[Black "technicaldraw"]
[Result "0-1"]
[WhiteElo "1829"]
[BlackElo "1942"]

1. d4 Nf6 2. c4 e6 3. Nc3 Bb4 4. Qc2 O-O 5. e3 b6 6. Bd3 c5 7. dxc5 bxc5 8. Ne2
Nc6 9. O-O Bxc3 10. Nxc3 Nb4 11. Qd1 Nxd3 12. Qxd3 Bb7 13. b3 a6 14. Bb2 Ng4 15.
Rad1 Qh4 16. h3 Ne5 17. Qe2 Nf3+ 0-1

[Event "Challenge"]
[Site "http://www.queenalice.com/game.php?id=263303"]
[Date "2007.8.29"]
[Round "-"]
[White "edsonigor"]
[Black "The_Hand_of_God"]
[Result "1-0"]
[WhiteElo "1831"]
[BlackElo "1885"]

1. e4 c5 2. Nf3 d6 3. d4 cxd4 4. Qxd4 Nc6 5. Bb5 Qd7 6. Bxc6 bxc6 7. O-O e5 8.
Qd1 Nf6 9. Nc3 Be7 10. Bg5 h6 11. Bxf6 Bxf6 12. Qd3 a5 13. Rfd1 Be7 14. a4 O-O
15. h3 Ba6 16. Qd2 Rab8 17. b3 f5 18. exf5 Qxf5 19. Re1 Rf6 20. Ne4 Rg6 21. Ng3
Qf4 22. Qxa5 Bc8 23. Qc7 1-0

[Event "Let's Play Chess!"]
[Site "http://www.queenalice.com/game.php?id=319018"]
[Date "2007.12.12"]
[Round "-"]
[White "edsonigor"]
[Black "cessna82783"]
[Result "0-1"]
[WhiteElo "1849"]
[BlackElo "1827"]

1. e4 c5 2. Nf3 Nc6 3. d4 cxd4 4. Nxd4 Qb6 5. Nf3 d6 6. Nc3 Nf6 7. b3 Qb4 8. Qd3
Nxe4 9. Qxe4 Qxc3+ 10. Nd2 Qxa1 11. Bb5 Qxc1+ 0-1

[Event "Let's Play Chess!"]
[Site "http://www.queenalice.com/game.php?id=319019"]
[Date "2007.12.12"]
[Round "-"]
[White "ninaum"]
[Black "edsonigor"]
[Result "1-0"]
[WhiteElo "1840"]
[BlackElo "1832"]

1. e4 e5 2. Nf3 Nc6 3. Bc4 Nf6 4. Ng5 d5 5. exd5 Na5 6. Bb5+ Bd7 7. Qe2 Be7 8.
Qxe5 O-O 9. Be2 Re8 10. Nc3 Bg4 11. Nxf7 Bb4 12. Nxd8 Rxe5 13. f3 Bd7 14. Ne6
Bxe6 15. dxe6 Bxc3 16. dxc3 Rxe6 17. Kf2 Rae8 18. Re1 Kh8 19. Bf4 Nd5 20. Bg3
Ne3 21. Bd3 c5 22. Bf4 Nd5 23. Rxe6 Rxe6 24. Bg3 c4 25. Be4 Nf6 26. Rd1 Nxe4+
27. fxe4 Nc6 28. Ke3 Re8 29. Rd7 Re7 30. Rxe7 Nxe7 31. Kd4 Nc6+ 32. Kxc4 Kg8 33.
Kd5 Kf7 34. Kd6 Ke8 35. Kc7 Na5 36. b4 Nc4 37. Kxb7 1-0

[Event "Feliz Natal!!"]
[Site "http://www.queenalice.com/game.php?id=321416"]
[Date "2007.12.17"]
[Round "-"]
[White "edsonigor"]
[Black "diablero"]
[Result "1-0"]
[WhiteElo "1801"]
[BlackElo "1764"]

1. d4 Nf6 2. c4 g6 3. Nf3 d5 4. Nc3 Bg7 5. e3 O-O 6. Bd3 c5 7. Qb3 dxc4 8. Bxc4
cxd4 9. exd4 Nc6 10. Be3 Na5 11. Qb4 Nxc4 12. Qxc4 Be6 13. Qb4 b6 14. O-O Nd5
15. Qb5 Rc8 16. Rfc1 Qd6 17. a4 Nxc3 18. Rxc3 Rxc3 19. bxc3 Rc8 20. a5 Bc4 21.
Qb4 Qxb4 22. cxb4 b5 23. Rc1 a6 24. d5 1-0

[Event "Let's Play Chess!"]
[Site "http://www.queenalice.com/game.php?id=323282"]
[Date "2007.12.20"]
[Round "-"]
[White "odairsmj"]
[Black "edsonigor"]
[Result "1-0"]
[WhiteElo "1840"]
[BlackElo "1816"]

1. e4 e5 2. f4 exf4 3. Nf3 Bc5 4. d4 Bb6 5. Bxf4 d6 6. Bg5 Ne7 7. Bc4 O-O 8. Nc3
Ba5 9. O-O Bxc3 10. bxc3 Bg4 11. h3 Bh5 12. Qd3 c6 13. Nh4 a5 14. Nf5 Re8 15.
Nxe7+ Kh8 16. Qg3 f6 17. Bxf6 gxf6 18. Nf5 Bg6 19. Nxd6 Re7 20. Rxf6 Nd7 21. Re6
Rxe6 22. Bxe6 Qe7 23. Bxd7 Qxd7 24. Nc4 Qe6 25. Nd2 Rg8 26. Qf4 1-0

[Event "You and I"]
[Site "http://www.queenalice.com/game.php?id=323285"]
[Date "2007.12.20"]
[Round "-"]
[White "edsonigor"]
[Black "CampbellMarcel"]
[Result "0-1"]
[WhiteElo "1816"]
[BlackElo "1835"]

1. e4 Nc6 2. Nf3 d5 3. exd5 Qxd5 4. Nc3 Qa5 5. d4 Bg4 6. Be2 Rd8 7. Be3 e5 8.
Qd3 Bxf3 9. Bxf3 Nxd4 10. O-O-O c5 11. Qe4 Rd7 12. Qxe5+ Ne7 13. Bxd4 Qd8 14.
Bxc5 f6 15. Qe6 Rxd1+ 16. Rxd1 Qc7 17. Bh5+ g6 18. Qxf6 Qxc5 19. Qxh8 Qxh5 20.
Ne4 Qh6+ 21. Kb1 Qxh2 22. Nd6+ Kd7 23. Qxf8 Qxg2 24. Nxb7+ Ke6 0-1

[Event "Challenge"]
[Site "http://www.queenalice.com/game.php?id=350764"]
[Date "2008.2.8"]
[Round "-"]
[White "edsonigor"]
[Black "Eclesiastes"]
[Result "0-1"]
[WhiteElo "1801"]
[BlackElo "1790"]

1. e4 e5 2. Nf3 Nc6 3. Bb5 a6 4. Ba4 b5 5. Bb3 Nf6 6. O-O Bc5 7. Re1 O-O 8. c3
d6 9. d4 exd4 10. cxd4 Bb6 11. Bg5 Bg4 12. Bd5 Bxf3 13. gxf3 Qd7 14. Bxf6 gxf6
0-1

[Event "Maranhense 2008"]
[Site "http://www.queenalice.com/game.php?id=487721"]
[Date "2008.11.4"]
[Round "1"]
[White "edsonigor"]
[Black "Nivaldolobatojunior"]
[Result "0-1"]
[WhiteElo "1785"]
[BlackElo "2148"]

1. d4 Nf6 2. c4 g6 3. Nc3 Bg7 4. Nf3 O-O 5. e4 d6 6. Be2 Nc6 7. O-O e5 8. d5 Ne7
9. h3 Ne8 10. b4 a5 11. Qb3 axb4 12. Qxb4 f5 13. a4 f4 14. c5 h6 15. Ba3 g5 16.
Nh2 Kh7 17. Nb5 Rf6 18. Ng4 Rg6 19. Bb2 h5 20. Nh2 g4 21. hxg4 hxg4 22. cxd6
cxd6 23. Qc3 g3 24. fxg3 Qb6+ 25. Kh1 fxg3 26. Bh5 Rh6 0-1

[Event "Let's Play Chess!"]
[Site "http://www.queenalice.com/game.php?id=621350"]
[Date "2009.7.19"]
[Round "-"]
[White "HuGeRoOsTeR"]
[Black "edsonigor"]
[Result "1-0"]
[WhiteElo "1345"]
[BlackElo "1783"]

1. e4 c5 2. d4 cxd4 3. Qxd4 Nc6 4. Qc4 Nf6 5. Bd3 g6 6. Nc3 Bg7 7. Nb5 O-O 8.
Nf3 a6 9. Nfd4 axb5 10. Qxb5 Nxd4 11. Qc4 Nc6 12. Bg5 Ne5 13. Qb5 Qc7 14. O-O-O
Nxd3+ 15. Rxd3 b6 16. Qb3 Nxe4 17. Bxe7 1-0

[Event "AUTO-ADV-1406"]
[Site "http://www.queenalice.com/game.php?id=621573"]
[Date "2009.7.19"]
[Round "1"]
[White "edsonigor"]
[Black "Dougtzu"]
[Result "1-0"]
[WhiteElo "1717"]
[BlackElo "1680"]

1. e4 c5 2. Nf3 d6 3. d4 cxd4 4. Nxd4 Nf6 5. Nc3 g6 6. Bc4 Bg7 7. O-O Nc6 8. Be3
Ng4 9. Qd2 Nxe3 10. fxe3 O-O 11. Rad1 Qb6 12. Nd5 Qd8 13. Nxc6 bxc6 14. Nc3 Qb6
15. Bb3 Bh6 16. Rde1 Ba6 17. Rf3 Rad8 18. Nd1 1-0

[Event "AUTO-ADV-1406"]
[Site "http://www.queenalice.com/game.php?id=621574"]
[Date "2009.7.19"]
[Round "1"]
[White "Dougtzu"]
[Black "edsonigor"]
[Result "0-1"]
[WhiteElo "1665"]
[BlackElo "1732"]

1. d4 Nf6 2. c4 d5 3. Nc3 e6 4. Nf3 Bb4 5. Bg5 O-O 6. Qa4 Bxc3+ 7. bxc3 Nbd7 8.
e3 Nb6 9. Qb3 Bd7 10. cxd5 Nbxd5 11. c4 Nb6 12. Be2 Qe7 13. c5 Nbd5 14. Qxb7
Rab8 15. Qa6 Nc3 16. O-O Nxe2+ 17. Qxe2 Bb5 18. Qd2 Bxf1 0-1

[Event "AUTO-ADV-1406"]
[Site "http://www.queenalice.com/game.php?id=621575"]
[Date "2009.7.19"]
[Round "1"]
[White "edsonigor"]
[Black "coutovet"]
[Result "0-1"]
[WhiteElo "1745"]
[BlackElo "1829"]

1. c4 e5 2. Nc3 Nf6 3. e4 d6 4. Nf3 Be7 5. d4 exd4 6. Nxd4 O-O 7. Bg5 h6 8. Bh4
Nxe4 9. Bxe7 Qxe7 10. Be2 Nxc3 11. bxc3 Bd7 12. O-O a6 13. Re1 Qf6 14. Bd3 c5
15. Ne2 Nc6 16. Qc2 Ne5 17. Rab1 Rab8 18. Ng3 b5 19. cxb5 axb5 20. Rbd1 c4 21.
Bf1 Bc6 22. Ne4 Bxe4 23. Qxe4 Rfe8 24. f3 Re6 25. Qd5 Nd7 26. Rxe6 Qxe6 27. Qxe6
fxe6 28. Rxd6 Nf6 29. Rxe6 Kf7 30. Re1 Ra8 31. Re5 Ra5 32. Bxc4+ Kg6 33. Rxb5
Ra3 34. Bb3 Ra6 35. c4 Nd7 0-1

[Event "AUTO-ADV-1406"]
[Site "http://www.queenalice.com/game.php?id=621576"]
[Date "2009.7.19"]
[Round "1"]
[White "coutovet"]
[Black "edsonigor"]
[Result "1-0"]
[WhiteElo "1842"]
[BlackElo "1732"]

1. e4 e5 2. Nf3 Nf6 3. d3 Nc6 4. a3 Be7 5. h3 O-O 6. Nc3 Re8 7. Be3 d5 8. exd5
Nxd5 9. Nxd5 Qxd5 10. c4 Qd8 11. Be2 Bf6 12. O-O Bf5 13. g4 Bg6 14. g5 Be7 15.
h4 Bh5 16. Nh2 Bxe2 17. Qxe2 Nd4 18. Qg4 Nc2 19. Rac1 Nxe3 20. fxe3 Qxd3 21.
Rfe1 Bc5 22. Qf3 c6 23. Rc3 Qd2 24. Re2 Qd6 25. b4 Qd1+ 26. Kg2 Be7 27. Rcc2 Qd6
28. Rf2 Rf8 29. c5 Qg6 30. Qf5 h6 31. Qxg6 fxg6 32. Nf3 Rf5 33. Rc4 1-0

[Event "AUTO-ADV-1406"]
[Site "http://www.queenalice.com/game.php?id=621577"]
[Date "2009.7.19"]
[Round "1"]
[White "edsonigor"]
[Black "Popeye"]
[Result "0-1"]
[WhiteElo "1753"]
[BlackElo "1714"]

1. d4 d5 2. c4 Nf6 3. Nf3 h6 4. e3 Bg4 5. Be2 Bxf3 6. O-O Bxe2 7. Qxe2 e6 8. Nc3
c6 9. Bd2 a6 10. cxd5 cxd5 11. a3 Nc6 12. Rac1 e5 13. dxe5 Nxe5 14. Rfd1 Bc5 15.
e4 d4 0-1

[Event "AUTO-ADV-1406"]
[Site "http://www.queenalice.com/game.php?id=621578"]
[Date "2009.7.19"]
[Round "1"]
[White "Popeye"]
[Black "edsonigor"]
[Result "1-0"]
[WhiteElo "1683"]
[BlackElo "1735"]

1. d4 d5 2. Nc3 Nf6 3. h3 e6 4. a3 c5 5. dxc5 Bxc5 6. Bg5 O-O 7. Nf3 Nbd7 8. e3
a6 9. Bxf6 Nxf6 10. Bd3 Re8 11. b4 Bb6 12. a4 Qd6 13. Na2 Bd7 14. a5 Ba7 15. g4
e5 16. e4 Rad8 17. exd5 Qxd5 18. Be2 Qxd1+ 19. Rxd1 Bc6 20. O-O e4 21. Nh2 e3
22. f3 Nd5 23. Rfe1 Nf4 24. Nc3 Nxh3+ 25. Kf1 Bb8 26. Kg2 Nf2 27. Rxd8 1-0